| 000 | 01085nam a22002777a 4500 | ||
|---|---|---|---|
| 999 |
_c112092 _d112092 |
||
| 003 | dpl | ||
| 005 | 20181024135028.0 | ||
| 008 | 181024b ||||| |||| 00| 0 eng d | ||
| 010 | B | _aA-966341 | |
| 020 |
_c125.00 _a8170164176 |
||
| 035 | _aA-966341 | ||
| 037 | _bBPPDPUB | ||
| 040 |
_aDPL _bHN _c0 |
||
| 082 |
_a808.88 _bवाजपे |
||
| 100 |
_aवाजपेयी, अशोक _945829 |
||
| 245 |
_aमेरे साक्षात्कार / _cअशोक वाजपयी |
||
| 246 |
_aMere sakshatkar _bby Ashok Vajpayi |
||
| 260 |
_a नई दिल्ली _bकिताबघर _c1998 |
||
| 270 |
_b नई दिल्ली _a24, अंसारी रोड, दरयागंज _e110002 |
||
| 300 |
_a175पृ. _c19सेमी(सजिल्द ) |
||
| 650 |
_aहिंदी साहित्य _x _z _945830 |
||
| 650 |
_aहिंदी साक्षात्कार _945831 |
||
| 650 |
_aHindi litarature _945832 |
||
| 650 |
_aHindi interview _945833 |
||
| 942 |
_2ddc _cHN _h808.88 _mवाजपे |
||